| 000 | 00948nam a22002297a 4500 | ||
|---|---|---|---|
| 003 | DO-SdBNP | ||
| 005 | 20211213113013.0 | ||
| 007 | ta | ||
| 008 | 211213b2007 a|||b |||| 00| 0 spa d | ||
| 040 |
_aDO-SdBNP _bspa _cBNPHU |
||
| 082 | 4 |
_222 _a268.432 _bC748e |
|
| 111 | 1 | 0 |
_aConferencia del Episcopado Dominicano, Comisión Episcopal Nacional de Catequesis _c( República Dominicana) _980850 |
| 245 | 1 | 0 |
_aEncuentro con Dios padre : _bcatequesis de iniciación cristiana -1, 1er nivel, libro del niño / _cConferencia del Epicopado Dominicano |
| 260 |
_aSanto Domingo : _bAmigo de Hogar, _c2007. |
||
| 300 |
_a80 p.: _bil, ; _c28 cm. |
||
| 590 | _aInventariado, 2021 / SA | ||
| 650 | 4 | 0 |
_910988 _aCatequesis _xIglesia Católica |
| 650 | 4 | 0 |
_946335 _aConferencias Episcopales Catóticas _zRepública Dominicana |
| 650 | 4 | 0 |
_977227 _aEducación de niños _xCongresos, conferencias, etc. _zRepública Dominicana |
| 910 | _aSaquino | ||
| 942 |
_2ddc _cLBS1 |
||
| 999 |
_c51115 _d51115 |
||